00547 2200205 4500001002100000005001500021008004100036020001800077035002500095041000800120082001100128090001100139100001800150245005500168250001600223260003700239300002800276650001400304700002300318INLIS00000000001581320130516023334 ind  a979-3855-03-7 a0010-051300000015813 aind a297.51 a297.51 aErwan, Juhara aManajemen Lisan : Sarana Keselamatan Dunia-Akhirat aCetakan : 1 aJakartabPena Pundi Aksarac2005 axviii, 133 hlm. ;18 cm. aManajemen aSuhairi Es, Shabar